Handbook of orthodontics / (Record no. 35152)

MARC details
000 -LEADER
fixed length control field 00533nam a22001817a 4500
005 - DATE AND TIME OF LATEST TRANSACTION
control field 20250806154845.0
008 - FIXED-LENGTH DATA ELEMENTS--GENERAL INFORMATION
fixed length control field 240216b |||||||| |||| 00| 0 eng d
020 ## - INTERNATIONAL STANDARD BOOK NUMBER
ISBN 9788131235690
082 ## - DEWEY DECIMAL CLASSIFICATION NUMBER
Classification number 617.643
Item number COB-H
100 ## - MAIN ENTRY--AUTHOR
Author Name Cobourne, Martyn T.
245 ## - TITLE STATEMENT
Title Handbook of orthodontics /
Statement of responsibility, etc. by Martyn T. Cobourne, Andrew T. DiBiase
260 ## - PUBLICATION, DISTRIBUTION, ETC.
Place of Publication India :
Name of publisher, distributor, etc. Elsevier ;
Date of publication, distribution, etc. 2010 .
300 ## - PHYSICAL DESCRIPTION
Pages viii , 427 p. :
500 ## - GENERAL NOTE
General note Include Index.
650 ## - SUBJECT ADDED ENTRY--TOPICAL TERM
Subject / Department Medical / Dentistry
700 ## - ADDED ENTRY--PERSONAL NAME
Personal name Andrew T.Dibiase
300 ## - PHYSICAL DESCRIPTION
-- ill ;
-- 23 cm.
952 ## - LOCATION AND ITEM INFORMATION (KOHA)
-- 0
-- 0
952 ## - LOCATION AND ITEM INFORMATION (KOHA)
-- 0
-- 0
Holdings
Lost status Damaged status Collection code Permanent Location Current Location Shelving Location Date acquired Full Call Number Accession No./Barcode Date last seen Copy number item type Koha item type
    Medical Superior Information Resource Center (SIRC) Superior University- Main Campus Superior Information Resource Center (SIRC) Superior University- Main Campus Dentistry 02/16/2024 617.645 COB-H 2010 13436 02/16/2024 1 BOOK BOOK
    Medical Superior Information Resource Center (SIRC) Superior University- Main Campus Superior Information Resource Center (SIRC) Superior University- Main Campus Dentistry 02/16/2024 617.645 COB-H 2010 13437 02/16/2024 2 BOOK BOOK

Powered by Koha